00546nam a2200157Ia 4500082001200000100001600012245013000028260002900158300001000187650004000197650003900237650003600276650003300312650002700345710001600372 aTM.0257 aMehta, R.L. 0aInvestigation into the attitudes of student teachers of basic teachers training institutions towards community life and craft c1970bGujarat University a519p. aCOMMUNITY LIFE - STUDY AND TEACHING aTEACHERS - TRAINING OF - CURRICULA aHANDICRAFT - STUDY AND TEACHING aSTUDENT TEACHERS - ATTITUDES aTEACHERS AND COMMUNITY aDesai, K.G.